Minecraft- Ancient City Loot - Statistics

General Stats
  • This quiz has been taken 21 times
    17 since last reset
  • The average score is 17 of 34
Answer Stats
Answer % Correct
Disc Fragment (5)
83%
Music Disc (cat)
83%
Book
67%
Damaged Enchanted Diamond Hoe
67%
Enchanted Book
67%
Enchanted Diamond Leggings
67%
Enchanted Golden Apple
67%
Music Disc (13)
67%
Sculk
67%
Sculk Catalyst
67%
Amethyst Shard
50%
Bone
50%
Coal
50%
Diamond Horse Armor
50%
Echo Shard
50%
Enchanted Iron Leggings
50%
Glow Berries
50%
Lead
50%
Music Disc (otherside)
50%
Packed Ice
50%
Sculk Sensor
50%
Ward Armor Trim Smithing Template
50%
Bottle o' Enchanting
33%
Candle
33%
Compass
33%
Leather
33%
Name Tag
33%
Potion of Regeneration
33%
Silence Armor Trim Smithing Template
33%
Snowball
33%
Soul Torch
33%
Baked Potato
17%
Golden Carrot
17%
Suspicious Stew
17%
No matching quizzes found
Score Distribution
Percent of People with Each Score
Percentile by Number Answered
Your Score History
You have not taken this quiz since the last reset